[Event "Ogolnopolska Olimpiada Mlodziezy w Sportach Umyslowych - C14"]
[Site "Walbrzych, Zamek Ksiaz"]
[Date "2013-04-17"]
[Round "9.10"]
[White "Wacior, Maciej"]
[Black "Zaleski, Lukasz"]
[Result "1/2-1/2"]
[WhiteTitle "II+"]
[BlackTitle "I"]
[WhiteElo "1703"]
[BlackElo "1791"]

1. d4 Nf6 2. c4 e6 3. Nf3 Bb4+ 4. Nbd2 b6 5. a3 Bxd2+ 6. Qxd2 Bb7 7. g3 O-O 8.
Bg2 d6 9. O-O Nbd7 10. b4 c5 11. Bb2 Qc7 12. Rac1 Rac8 13. Rfd1 Rfd8 14. dxc5
dxc5 15. Qg5 h6 16. Qe3 Ne8 17. b5 Qb8 18. Bh3 Nf8 19. Bg2 Qa8 20. a4 Rxd1+ 21.
Rxd1 Rd8 22. Rxd8 Qxd8 23. Qd3 Qa8 24. Qa3 Qd8 25. Qd3 Qa8 26. a5 f6 27. a6 Be4
28. Qd2 e5 29. Ne1 Bxg2 30. Nxg2 Ne6 31. Ne3 Nd4 32. Nd5 Nd6 33. Bxd4 exd4 34.
Qd3 Qe8 35. e3 dxe3 36. Nxe3 Qe5 37. Nd5 Kf7 38. Kg2 Nc8 39. Nf4 Nd6 40. Nd5 Nc8
1/2-1/2

[Event "Ogolnopolska Olimpiada Mlodziezy w Sportach Umyslowych - C14"]
[Site "Walbrzych, Zamek Ksiaz"]
[Date "2013-04-17"]
[Round "9.11"]
[White "Czerniawski, Krzysztof"]
[Black "Michalski, Filip"]
[Result "1-0"]
[WhiteTitle "I"]
[BlackTitle "II"]
[WhiteElo "1696"]
[BlackElo "1665"]

1. e4 e6 2. d4 d5 3. e5 c5 4. c3 b6 5. f4 Qd7 6. g3 Ba6 7. Bh3 Nc6 8. Ne2 Rc8 9.
a3 Bxe2 10. Kxe2 cxd4 11. cxd4 Qb7 12. Qd3 b5 13. b3 a6 14. Bb2 Be7 15. Nd2 Bd8
16. Nf3 Nge7 17. Rac1 Bb6 18. Rhg1 Rc7 19. Rc2 O-O 20. Rd2 Na7 21. g4 Ng6 22.
Qe3 f6 23. f5 Nxe5 24. Nxe5 fxe5 25. fxe6 Re7 26. g5 Rf4 27. Rg4 Rxg4 28. Bxg4
e4 29. Kd1 Nc6 30. g6 hxg6 31. Qg5 Qa7 32. Qxd5 Nd8 33. Qxe4 Bc7 34. Qxg6 Qb6
35. Bf5 Nxe6 36. Qh7+ Kf8 37. Qh8+ Kf7 38. Qh5+ Kg8 39. Bh7+ Kf8 40. Bg6 Rd7 41.
Be8 g6 42. Qh8+ Ke7 43. Bxd7 Kxd7 44. d5 Qg1+ 45. Kc2 Qc5+ 46. Kb1 Nf4 47. d6
Bxd6 48. Qe5 Ne6 49. Qe4 Qg1+ 50. Ka2 Qg5 51. Rg2 Qf5 52. Qe3 g5 53. Rd2 Ke7 54.
Qb6 Qf4 55. Qb7+ Nc7 56. Re2+ Kd7 57. Qg2 a5 58. Rf2 Qe3 59. Rf7+ Kd8 60. Qc6
Qe6 61. Rxc7 a4 62. Bf6+ 1-0

[Event "Ogolnopolska Olimpiada Mlodziezy w Sportach Umyslowych - C14"]
[Site "Walbrzych, Zamek Ksiaz"]
[Date "2013-04-17"]
[Round "9.12"]
[White "Ruttar, Lukasz"]
[Black "Snihur, Adam"]
[Result "1/2-1/2"]
[WhiteTitle "II"]
[BlackTitle "II"]
[WhiteElo "1471"]
[BlackElo "1683"]

1. e4 c5 2. c3 Nf6 3. e5 Nd5 4. d4 cxd4 5. cxd4 e6 6. a3 d6 7. Nf3 Nc6 8. b4 a6
9. Bb2 Bd7 10. Nbd2 dxe5 11. dxe5 Be7 12. Ne4 O-O 13. Bd3 Qb6 14. O-O Rfd8 15.
Qb3 Rac8 16. Rac1 Na5 17. Qa2 Nc6 18. Rfd1 Be8 19. Qb1 Nf4 20. Bf1 Ng6 21. h3
Rxd1 22. Rxd1 Rd8 23. Rd2 Qc7 24. Qa1 Rxd2 25. Nexd2 Qd7 26. Bc4 b5 27. Bb3 Nf4
28. Qb1 h6 29. Ne4 Ne2+ 30. Kf1 Ned4 31. Qd1 Nxf3 32. Qxf3 Nd4 33. Qe3 Nxb3 34.
Qxb3 Qc6 35. Qd3 Qd7 36. Ke2 Qxd3+ 37. Kxd3 Bc6 38. g3 Bxe4+ 39. Kxe4 Kf8 40.
Bd4 Ke8 41. f4 Kd7 42. g4 g6 43. Bb2 Bd8 44. Bc3 Be7 45. Bb2 Bd8 46. Bc3 Kc6 47.
Bd2 Be7 48. Bc1 Bd8 49. Bd2 Bc7 50. Bc3 Bd8 51. Bd2 1/2-1/2

[Event "Ogolnopolska Olimpiada Mlodziezy w Sportach Umyslowych - C14"]
[Site "Walbrzych, Zamek Ksiaz"]
[Date "2013-04-17"]
[Round "9.13"]
[White "Oleszek, Maciej"]
[Black "Kotarski, Bartosz"]
[Result "1-0"]
[WhiteTitle "II+"]
[BlackTitle "II"]
[WhiteElo "1667"]
[BlackElo "1449"]

1. d4 c5 2. e3 e6 3. c3 Nf6 4. Bd3 cxd4 5. exd4 d6 6. Nf3 Be7 7. O-O O-O 8. Bg5
Nc6 9. Qc2 h6 10. Bf4 Nd5 11. Bg3 f5 12. h3 f4 13. Bh2 Kh8 14. Re1 Bd7 15. Nbd2
Rc8 16. Bc4 b5 17. Bxb5 Ncb4 18. Qb3 Bxb5 19. cxb4 Qd7 20. a4 Bc6 21. Re2 Nc7
22. b5 Bd5 23. Qd3 Na8 24. b3 Qc7 25. Nc4 Nb6 26. Nfd2 Rf6 27. Rc1 Qb7 28. f3
Bxc4 29. bxc4 d5 30. c5 Nd7 31. Rce1 Nf8 32. Nb3 Qc7 33. a5 Rg6 34. b6 Qb8 35.
Qa6 Rd8 36. c6 Bd6 37. Nc5 e5 38. Nb7 Rc8 39. Nxd6 Rxd6 40. c7 Qxc7 41. Qxa7 Qxa7
42. bxa7 Ra6 43. Rxe5 Rxa7 44. Rxd5 Ng6 45. Rd6 Kh7 46. a6 Rc2 47. Ree6 Rc1+ 48.
Kf2 Rc2+ 49. Re2 Rc1 50. Ra2 Rcc7 51. g3 Ne7 52. gxf4 Nf5 53. Rd5 Ne7 54. Rb5
Rd7 55. Ke2 Nd5 56. Kd3 Kg6 57. Raa5 Ne7 58. Rb6+ Kf7 59. Ke4 Nc8 60. Rc6 Ne7
61. Rb6 Nc8 62. Rc6 Ne7 63. Rcc5 Rd6 64. f5 Rdxa6 65. Rxa6 Rxa6 66. Rc7 Ke8 67.
Be5 g6 68. fxg6 Nxg6 69. f4 Ra1 70. Rh7 Re1+ 71. Kf5 Ne7+ 72. Ke6 Ng8 73. Ra7
1-0

[Event "Ogolnopolska Olimpiada Mlodziezy w Sportach Umyslowych - C14"]
[Site "Walbrzych, Zamek Ksiaz"]
[Date "2013-04-17"]
[Round "9.14"]
[White "Szulc, Filip"]
[Black "Badyra, Wasyl"]
[Result "1-0"]
[WhiteTitle "II+"]
[BlackTitle "II"]
[WhiteElo "1615"]
[BlackElo "1681"]

1. e4 c5 2. Nf3 Nc6 3. d4 cxd4 4. Nxd4 e5 5. Nb5 d6 6. a4 Be7 7. N1c3 a6 8. Na3
Be6 9. Bc4 Nf6 10. O-O O-O 11. f3 Qb6+ 12. Kh1 Rad8 13. Nd5 Bxd5 14. Bxd5 Kh8
15. Nc4 Qc7 16. Ne3 Ne8 17. c3 g6 18. Ba2 f5 19. Nd5 Qd7 20. Nb6 Qc7 21. Nd5 Qc8
22. Nb6 Qb8 23. exf5 gxf5 24. Nd5 Nf6 25. Bh6 Nxd5 26. Bxd5 Rf6 27. Be3 f4 28.
Bg1 Qc8 29. Qe2 Rh6 30. b4 Bh4 31. Rac1 Ne7 32. Be4 Ng8 33. h3 Nf6 34. Bf2 Rg8
35. a5 Bg3 36. Bxg3 Rxg3 37. Rf2 Rh4 38. Bb1 d5 39. Qd2 Nh5 40. Re1 Qg8 41. Bf5
Rg5 42. Bg4 Ng3+ 43. Kg1 h5 44. Bd7 Rg7 45. Rxe5 Rxd7 46. Qe1 Rd8 47. Re7 Ne4
48. fxe4 d4 49. cxd4 Qg5 50. Re5 Qg7 51. Rd2 Rxh3 52. Rd5 Rg8 53. Qf2 f3 54. Rf5
fxg2 55. Qxg2 Qh6 56. Rdf2 Rxg2+ 57. Kxg2 Rd3 58. Rf8+ Kh7 59. R2f7+ Qg7+ 60.
Rxg7+ Kxg7 61. Rd8 Kf6 62. e5+ Kf5 63. Rf8+ Ke6 64. Rf6+ Ke7 65. Rd6 h4 66. d5
Rd4 67. Rb6 Rxd5 68. Rxb7+ Ke6 69. Rb6+ Kxe5 70. Rxa6 Rd2+ 71. Kh3 Ra2 72. Kxh4
Ra4 73. Rb6 Kd5 74. Kg5 Kc4 75. a6 Kd5 76. b5 Kc5 77. Rb7 Ra5 78. a7 Kd6 79. Kg6
Rxa7 80. Rxa7 1-0

[Event "Ogolnopolska Olimpiada Mlodziezy w Sportach Umyslowych - C14"]
[Site "Walbrzych, Zamek Ksiaz"]
[Date "2013-04-17"]
[Round "9.15"]
[White "Mockun, Dawid"]
[Black "Domanski, Lukasz"]
[Result "0-1"]
[WhiteTitle "II+"]
[BlackTitle "II"]
[WhiteElo "1749"]
[BlackElo "1637"]

1. d4 Nf6 2. Nf3 c5 3. e3 g6 4. c4 Bg7 5. Nc3 O-O 6. Be2 cxd4 7. exd4 d5 8. h3
Nc6 9. O-O h6 10. Be3 Be6 11. c5 Nd7 12. Qd2 Kh7 13. b4 Nxb4 14. Rab1 Nc6 15.
Rxb7 Nxc5 16. dxc5 d4 17. Nxd4 Nxd4 18. Bd1 Bc4 19. Re1 Nf5 20. Rb4 Ba6 21. Ne4
Nxe3 22. Qxe3 f5 23. Nd2 e5 24. Nb3 e4 25. Ra4 Bd3 26. Qd2 f4 27. Bg4 h5 28. Be6
Qf6 29. Bc4 Rad8 30. Bxd3 Rxd3 31. Qc2 f3 32. Rexe4 fxg2 33. Rf4 Qe6 34. Rfe4
Qxh3 35. Rh4 Qf3 36. Rxh5+ gxh5 37. Nc1 Qd1+ 38. Qxd1 Rxd1+ 39. Kxg2 Rxc1 40.
Rxa7 Rxc5 0-1

[Event "Ogolnopolska Olimpiada Mlodziezy w Sportach Umyslowych - C14"]
[Site "Walbrzych, Zamek Ksiaz"]
[Date "2013-04-17"]
[Round "9.16"]
[White "Klementowski, Dawid"]
[Black "Fudalej, Slawomir"]
[Result "0-1"]
[WhiteTitle "I"]
[BlackTitle "II+"]
[WhiteElo "1734"]
[BlackElo "1620"]

1. e4 e5 2. Nf3 Nc6 3. Bc4 Bc5 4. b4 Bxb4 5. c3 Ba5 6. d4 d6 7. dxe5 Qe7 8. Bg5
f6 9. Bd2 Be6 10. exd6 Qxd6 11. Bxe6 Qxe6 12. O-O O-O-O 13. Qc2 Nge7 14. Be3 Qc4
15. Rc1 Rd3 16. Nfd2 Qa6 17. Nb3 Bb6 18. Bxb6 axb6 19. N1d2 Rhd8 20. Nf3 Ng6 21.
a4 Nge5 22. Nxe5 fxe5 23. f3 Qc4 24. h3 Na5 25. Nxa5 bxa5 26. Rab1 Rd2 27. Qb3
Qxb3 28. Rxb3 c6 29. Ra3 Rb2 30. Kh1 Rdd2 31. Rg1 Ra2 32. Ra1 Rd1+ 33. Rxd1 Rxa3
34. Rd6 Rxc3 35. Re6 b5 36. axb5 cxb5 37. Rxe5 Rb3 38. Rd5 a4 39. Kh2 a3 40. Rd6
a2 41. Ra6 Rb2 42. e5 Kb7 43. Ra5 b4 44. e6 Re2 45. e7 b3 46. f4 Rxe7 47. Ra3
Kc8 48. Ra8+ Kd7 49. Ra7+ Ke6 50. Ra6+ Kf7 51. g4 b2 52. Rxa2 b1=Q 0-1

[Event "Ogolnopolska Olimpiada Mlodziezy w Sportach Umyslowych - C14"]
[Site "Walbrzych, Zamek Ksiaz"]
[Date "2013-04-17"]
[Round "9.17"]
[White "Kaczkowski, Maciej"]
[Black "Bandyk, Sebastian"]
[Result "1-0"]
[WhiteTitle "II"]
[BlackTitle "II+"]
[WhiteElo "1651"]
[BlackElo "1582"]

1. e4 c5 2. Nf3 e6 3. d4 cxd4 4. Nxd4 Nc6 5. Nc3 Nf6 6. a3 d5 7. Bb5 Bd7 8. exd5
exd5 9. O-O Be7 10. Ba4 O-O 11. Bb3 Bg4 12. f3 Bh5 13. Be3 Re8 14. Bf2 Rc8 15.
Nf5 Bf8 16. Nxd5 Nxd5 17. Qxd5 Qf6 18. Nxg7 Qxg7 19. Qxh5 Ne5 20. Kh1 Ng6 21.
Qg4 Bd6 22. h4 Kf8 23. h5 Qh6 24. Kg1 Nf4 25. Qf5 Ne2+ 26. Kh1 Rc7 27. Qh3 Re5
28. g4 Nf4 29. Qh4 Be7 30. Qh2 Re2 31. Rae1 Rd2 32. Rd1 Rcd7 33. Rxd2 Rxd2 34.
Qg3 Bd6 35. Be3 Re2 36. Bc1 Qg5 37. Re1 Qe5 38. Rxe2 Qxe2 39. Bxf4 Qf1+ 40. Kh2
Qe2+ 41. Kh3 Qf1+ 42. Kh4 Be7+ 43. g5 1-0

[Event "Ogolnopolska Olimpiada Mlodziezy w Sportach Umyslowych - C14"]
[Site "Walbrzych, Zamek Ksiaz"]
[Date "2013-04-17"]
[Round "9.18"]
[White "Szmer, Aleksander"]
[Black "Pytel, Przemyslaw"]
[Result "1/2-1/2"]
[WhiteTitle "I"]
[BlackTitle "II"]
[WhiteElo "1739"]
[BlackElo "1389"]

1. e4 c5 2. Nf3 e6 3. c3 Nf6 4. Bd3 Nc6 5. Bc2 b6 6. O-O Bb7 7. Re1 Be7 8. a3 O-O
9. d4 cxd4 10. cxd4 d5 11. e5 Ne8 12. Nc3 Nc7 13. h3 Ba6 14. Nh2 Qe8 15. f4 Nxd4
16. Ba4 Ndb5 17. Nxb5 Bxb5 18. Bxb5 Qxb5 19. Nf3 Bc5+ 20. Kh1 Rfd8 21. b4 Be7
22. Be3 Qd7 23. Qb3 Rac8 24. Rac1 Ne8 25. Qb2 Rxc1 26. Rxc1 Rc8 27. Nd4 g6 28.
Rc2 Ng7 29. g4 Kf8 30. Qc1 Rxc2 31. Qxc2 Ke8 32. Qc6 Bd8 33. Kg2 h5 34. Kf3 hxg4+
35. hxg4 a6 36. Qa8 a5 37. Nc6 d4 38. Nxd8 Qxd8 39. Qxd8+ Kxd8 40. Bxd4 Kc7 41.
bxa5 bxa5 42. Ke4 Kc6 43. Ba7 1/2-1/2

[Event "Ogolnopolska Olimpiada Mlodziezy w Sportach Umyslowych - C14"]
[Site "Walbrzych, Zamek Ksiaz"]
[Date "2013-04-17"]
[Round "9.19"]
[White "Slomczewski, Michal"]
[Black "Adamczyk, Pawel"]
[Result "0-1"]
[WhiteTitle "II"]
[BlackTitle "II"]
[WhiteElo "1541"]
[BlackElo "1645"]

1. e4 c5 2. f4 d5 3. exd5 Qxd5 4. Nc3 Qd8 5. Nf3 Nf6 6. h3 e6 7. Bb5+ Nbd7 8. d3
Be7 9. Be3 O-O 10. O-O a6 11. Bc4 b5 12. Bb3 Bb7 13. Nd2 Nb6 14. a4 Nfd5 15. Bxd5
Nxd5 16. Nxd5 Qxd5 17. Qf3 Qd7 18. Qg4 Qc6 19. Nf3 Rad8 20. Ne5 Qd6 21. axb5 axb5
22. Ra7 Qb6 23. Rfa1 f6 24. Nf3 Ra8 25. Rxa8 Rxa8 26. Rxa8+ Bxa8 27. Kh1 Qd6 28.
b4 Bxf3 29. Qxf3 cxb4 30. g4 b3 31. cxb3 Qxd3 32. Qf2 Qxb3 33. f5 Qd5+ 34. Kg1
e5 35. Qc2 Qc4 36. Qd2 b4 37. Qd7 Kf7 38. Qb7 b3 39. g5 fxg5 40. Bxg5 Qc5+ 41.
Kh1 b2 42. Qb3+ Ke8 43. Qb8+ Kd7 44. Qb7+ Qc7 45. Qd5+ Bd6 46. Qe6+ Kc6 47. Qc4+
Kb7 48. Qb5+ Qb6 49. Qd7+ Ka8 50. Qa4+ Qa7 51. Qe8+ Bb8 52. Qc6+ Qb7 0-1

[Event "Ogolnopolska Olimpiada Mlodziezy w Sportach Umyslowych - C14"]
[Site "Walbrzych, Zamek Ksiaz"]
[Date "2013-04-17"]
[Round "9.20"]
[White "Choina, Michal"]
[Black "Tylenda, Krzysztof"]
[Result "1/2-1/2"]
[WhiteTitle "II"]
[BlackTitle "II+"]
[WhiteElo "1575"]
[BlackElo "1507"]

1. e4 c5 2. Nf3 Nc6 3. d4 cxd4 4. Nxd4 g6 5. Nxc6 bxc6 6. Bd2 Bg7 7. Nc3 Qb6 8.
Na4 Qd4 9. Nc3 Qb6 10. Na4 Qd4 11. Nc3 Qb6 12. Na4 1/2-1/2

[Event "Ogolnopolska Olimpiada Mlodziezy w Sportach Umyslowych - C14"]
[Site "Walbrzych, Zamek Ksiaz"]
[Date "2013-04-17"]
[Round "9.21"]
[White "Szustakowski, Antoni"]
[Black "Molenda, Mikolaj"]
[Result "1-0"]
[WhiteTitle "II"]
[BlackTitle "II"]
[WhiteElo "1531"]
[BlackElo "1346"]

1. d4 Nf6 2. c4 c5 3. d5 b5 4. cxb5 a6 5. bxa6 g6 6. Nc3 Bxa6 7. g3 d6 8. Bg2 Bg7
9. Nf3 Nbd7 10. O-O O-O 11. Qc2 Qa5 12. Rd1 Rfb8 13. e4 Nb6 14. Nd2 Nc4 15. Nxc4
Bxc4 16. Bd2 Qa6 17. Bf1 Bxf1 18. Rxf1 Nd7 19. f4 Nb6 20. b3 Bd4+ 21. Kg2 h5 22.
f5 Kg7 23. Rf3 Kg8 24. fxg6 fxg6 25. e5 Kg7 26. Raf1 1-0

[Event "Ogolnopolska Olimpiada Mlodziezy w Sportach Umyslowych - C14"]
[Site "Walbrzych, Zamek Ksiaz"]
[Date "2013-04-17"]
[Round "9.22"]
[White "Kozakow, Aleksy"]
[Black "Krasinski, Mateusz"]
[Result "1/2-1/2"]
[WhiteTitle "II+"]
[BlackTitle "II"]
[WhiteElo "1619"]
[BlackElo "1646"]

1. c4 e5 2. Nc3 Nf6 3. g3 d6 4. Bg2 Nbd7 5. d3 g6 6. Nf3 Bg7 7. O-O O-O 8. Bg5
h6 9. Bd2 Re8 10. e4 c6 11. b4 b6 12. Qc1 h5 13. Rb1 c5 14. a4 Nf8 15. Ng5 N8h7
16. Nf3 Nf8 17. Ng5 N8h7 18. Nf3 Nf8 19. Ng5 N8h7 1/2-1/2